Arbitration and Dispute Resolution in the Resources Sector An Australian Perspective /

This book provides a comprehensive Australian perspective on the resolution of resources disputes. In particular, it focuses on the use of arbitration, mediation and adjudication in the resources sector. It concentrates on arbitration as the preferred method of dispute resolution, including internat...

Πλήρης περιγραφή

Λεπτομέρειες βιβλιογραφικής εγγραφής
Συγγραφή απο Οργανισμό/Αρχή: SpringerLink (Online service)
Άλλοι συγγραφείς: Moens, Gabriël A. (Επιμελητής έκδοσης), Evans, Philip (Επιμελητής έκδοσης)
Μορφή: Ηλεκτρονική πηγή Ηλ. βιβλίο
Γλώσσα:English
Έκδοση: Cham : Springer International Publishing : Imprint: Springer, 2015.
Σειρά:Ius Gentium: Comparative Perspectives on Law and Justice, 43
Θέματα:
Διαθέσιμο Online:Full Text via HEAL-Link
LEADER 03875nam a22005415i 4500
001 978-3-319-17452-5
003 DE-He213
005 20151103131457.0
007 cr nn 008mamaa
008 150516s2015 gw | s |||| 0|eng d
020 |a 9783319174525  |9 978-3-319-17452-5 
024 7 |a 10.1007/978-3-319-17452-5  |2 doi 
040 |d GrThAP 
050 4 |a K1001-1395 
072 7 |a LNCB  |2 bicssc 
072 7 |a LAW014000  |2 bisacsh 
082 0 4 |a 346.07  |2 23 
245 1 0 |a Arbitration and Dispute Resolution in the Resources Sector  |h [electronic resource] :  |b An Australian Perspective /  |c edited by Gabriël A. Moens, Philip Evans. 
264 1 |a Cham :  |b Springer International Publishing :  |b Imprint: Springer,  |c 2015. 
300 |a XVI, 259 p.  |b online resource. 
336 |a text  |b txt  |2 rdacontent 
337 |a computer  |b c  |2 rdamedia 
338 |a online resource  |b cr  |2 rdacarrier 
347 |a text file  |b PDF  |2 rda 
490 1 |a Ius Gentium: Comparative Perspectives on Law and Justice,  |x 1534-6781 ;  |v 43 
505 0 |a An Australian Perspective on Arbitration and Dispute Resolution in the Resources Sector -- Australia’s International And Domestic Arbitration Framework -- The Importance of Arbitration to the Resources Sector -- Drafting Arbitration Clauses For The Resources Sector -- The Enforcement of Dispute Resolution Agreements in the Resources Sector -- Arbitral law reform in Australia: what are the signs of progress to date? -- Mediation in the Resources Sector: ‘alternative’ dispute resolution or now the norm? -- Statutory Adjudication and the Resources Sector -- Recent International Commercial Arbitration And Investor-State Arbitration Developments Impacting On Australia’s Investments In The Resources Sector -- Domestic Court Proceedings relating to International Commercial Arbitration in the Resources Sector -- Resource Nationalism: Old Problem, New Solutions -- Mining Projects In Ohada: The Legal And Judicial Climate -- International Arbitration And The Client’s Perspective. 
520 |a This book provides a comprehensive Australian perspective on the resolution of resources disputes. In particular, it focuses on the use of arbitration, mediation and adjudication in the resources sector. It concentrates on arbitration as the preferred method of dispute resolution, including international commercial and investor-state arbitration. The book offers fascinating insights into the use of arbitration to investment disputes involving resources companies in the African OHADA countries, Australia and other countries. It offers an Australian perspective which will be useful to discerning arbitration scholars and dispute resolvers. In addition, the book provides useful information on how to draft arbitration clauses for resources sector contracts. This publication will be of interest to members of the academic research community and will also appeal to dispute resolution professionals and practitioners. 
650 0 |a Law. 
650 0 |a Commercial law. 
650 0 |a Private international law. 
650 0 |a Conflict of laws. 
650 0 |a International law. 
650 0 |a Comparative law. 
650 0 |a Environmental law. 
650 0 |a Environmental policy. 
650 1 4 |a Law. 
650 2 4 |a Commercial Law. 
650 2 4 |a Environmental Law/Policy/Ecojustice. 
650 2 4 |a Private International Law, International & Foreign Law, Comparative Law. 
700 1 |a Moens, Gabriël A.  |e editor. 
700 1 |a Evans, Philip.  |e editor. 
710 2 |a SpringerLink (Online service) 
773 0 |t Springer eBooks 
776 0 8 |i Printed edition:  |z 9783319174518 
830 0 |a Ius Gentium: Comparative Perspectives on Law and Justice,  |x 1534-6781 ;  |v 43 
856 4 0 |u http://dx.doi.org/10.1007/978-3-319-17452-5  |z Full Text via HEAL-Link 
912 |a ZDB-2-SHU 
950 |a Humanities, Social Sciences and Law (Springer-11648)